000 02487cam a22006854i 4500
003 PE-LiUPU
005 20250731170410.0
008 151119s2007 sp a rb 000 0 spa d
020 _a9788449319556
035 _a(Sirsi) i9788449319556
040 _aCO-BoBLA
_bspa
_cCO-BoBLA
_dPE-LiUPU
_erda
041 1 _aspa
_hfre
049 _aPRUA
082 0 4 _a158.1
_bP54
100 1 _aPierre, Angel,
_eautor.
245 1 0 _aGuía práctica del "coaching" /
_cPierre Angel y Patrick Amar ; traducido por José Miguel González Marcén.
264 1 _aBarcelona :
_bPaidós Ibérica,
_c[2007].
300 _a141 páginas :
_bilustraciones ;
_c22 centímetros
336 _atext
_2rdacontent
337 _aunmediated
_2rdamedia
338 _avolume
_2rdacarrier
490 0 _aPaidós psicología hoy ;
_v61
504 _aIncluye bibliografía: páginas 139-141.
505 0 _aSumario -- Definición y especificidad -- Campos teóricos del coaching -- Perfil del coach -- Estructura del coaching. --Aspectos fundamentales del coaching -- Mercado y marco del coaching -- Formaciones y organizaciones profesionales -- Perspectivas del coaching -- Bibliografía.
526 _aSEG68
526 _aSEG70
526 _aSEG69
526 _aSEG67
526 _aSEG43
526 _aP144
526 _aP143
526 _aP131
526 _aP122
526 _aP120
526 _aP117
526 _aP112
526 _aP110
526 _aP106
526 _aP101
526 _aP80
526 _aP59
526 _aP54
526 _aP35
526 _aP33
526 _aP30
534 _pTítulo original :
_tLe coaching.
541 _g001-001614;
650 7 _aTutoría (Empresas).
_2embne
650 0 4 _aCoaching personal.
650 0 4 _aEntrenamiento ejecutivo.
650 0 4 _aLiderazgo.
700 1 _aAmar, Patrick
_d1965-,
_eautor.
700 1 _aGonzález Marcén, José Miguel,
_etraductor.
910 _aaas
_bjck
_caas
_d20151119
942 _2ddc
_cBOOK
949 _a158.1 P54
_wDEWEY
_c1
_i72058
_d2016-4-22
_e2016-4-20
_lCCODEBUL1
_mBUL
_n1
_p29.07
_r0
_sY
_tBOOK
_u2015-11-19
_xSALUD
_PP33
_0COMPRA
_o.STAFF. Colección General
994 _aC0
_bPEPRU
596 _a1
999 _a158.1 P54
_wDEWEY
_c7865
_i72058
_d7865
_e2019-4-9
_f2021-11-3
_g4
_lCCODEBUL1
_mBUL
_n5
_p29.07
_q1
_r0
_sY
_tBOOK
_u2015-11-19
_xSALUD
_PP33
_0COMPRA
_o.STAFF. Colección Ciencias de la Salud
980 _81
_gALBERTO SANCHEZ Responsable de Automatización